[Event "November Blitz"]
[Site "SchemingMind.com"]
[Date "2014.10.31"]
[Round "-"]
[White "Stephen Woodhouse"]
[Black "David Perna-Fraser"]
[Result "0-1"]
[WhiteCountry "ENG"]
[BlackCountry "CAN"]
[WhiteElo "1835"]
[WhiteRD "49"]
[BlackElo "2203"]
[BlackRD "58"]
[GameID "368045"]

1. e4 e5 2. Nf3 d6 3. d4 Nf6 4. Nc3 Nbd7 5. Bc4 Be7 6. O-O O-O 7. Re1 c6 8. a4 a5 9. h3 h6 10. Ba2 Re8
11. Be3 Qc7 12. Nd2 Nf8 13. Nc4 Ng6 14. dxe5 dxe5 15. Nb6 Rb8 16. Nxc8 Rexc8 17. Qe2 Bb4 18. f3 b5 19. axb5 cxb5 20. Bd2 Bxc3
21. Bxc3 Qb6+ 22. Kh2 b4 23. Bd2 Rxc2 24. Qd3 Rxb2 25. Be3 Qd8 26. Qc4 b3 27. Bb1 Nh4 28. Re2 Rxe2 29. Qxe2 Ra8 30. Qb5 a4
31. Rxa4 Rxa4 32. Qxa4 Qd1
0-1

[Event "November Blitz"]
[Site "SchemingMind.com"]
[Date "2014.10.31"]
[Round "-"]
[White "David Perna-Fraser"]
[Black "Stephen Woodhouse"]
[Result "1-0"]
[WhiteCountry "CAN"]
[BlackCountry "ENG"]
[WhiteElo "2203"]
[WhiteRD "58"]
[BlackElo "1835"]
[BlackRD "49"]
[GameID "368046"]

1. d4 e6 2. c4 f5 3. Nc3 Nf6 4. g3 d5 5. Bg2 c6 6. Nf3 Bd6 7. Bf4 Bxf4 8. gxf4 O-O 9. h4 Bd7 10. h5 Ne4
11. h6 Qf6 12. hxg7 Qxg7 13. Rg1 Kh8 14. Bh3 Qh6 15. Nxe4 fxe4 16. Ng5 Rxf4 17. Qb3 b6 18. Qg3 Rf8 19. Nf7+ Rxf7 20. Qg8#
1-0

[Event "November Blitz"]
[Site "SchemingMind.com"]
[Date "2014.10.31"]
[Round "-"]
[White "Geoffrey Rosser"]
[Black "Stephen Woodhouse"]
[Result "0-1"]
[WhiteCountry "ENG"]
[BlackCountry "ENG"]
[WhiteElo "1833"]
[WhiteRD "69"]
[BlackElo "1835"]
[BlackRD "49"]
[GameID "368049"]

1. d4 e6 2. e4 d5 3. Bb5+ Bd7 4. Qe2 dxe4 5. Bxd7+ Nxd7 6. Qxe4 c6 7. Nc3 Ngf6 8. Qf3 Be7 9. Nge2 O-O 10. O-O Nd5
11. Ne4 N7f6 12. Bg5 Nxe4 13. Bxe7 Qxe7 14. Qxe4 Rfd8 15. c3 Rac8 16. Ng3 Qg5 17. Rae1 Nf6 18. Qe3 Qxe3 19. Rxe3 c5 20. dxc5 Rxc5
21. Ne4 Nxe4 22. Rxe4 Rd2 23. Rb1 Rb5 24. Rb4 Rxb4 25. cxb4 Kf8 26. g3 Ke7 27. Kg2 e5 28. Kf3 f5 29. h4 g6 30. a3 Ke6
31. Ke3 Rd6 32. Rc1 Rc6 33. Rxc6+ bxc6 34. a4 Kd5 35. b3 h6 36. f3 e4 37. fxe4+ fxe4 38. g4 Ke5 39. b5 cxb5 40. axb5 Kd5
41. b4 Ke5 42. b6 axb6 43. b5 Kd5 44. g5 hxg5 45. hxg5 Ke5 46. Ke2 Kf4 47. Kf2 Kxg5
0-1

[Event "November Blitz"]
[Site "SchemingMind.com"]
[Date "2014.11.01"]
[Round "-"]
[White "Stephen Woodhouse"]
[Black "Geoffrey Rosser"]
[Result "1-0"]
[WhiteCountry "ENG"]
[BlackCountry "ENG"]
[WhiteElo "1835"]
[WhiteRD "49"]
[BlackElo "1833"]
[BlackRD "69"]
[GameID "368050"]

1. e4 e5 2. Nf3 Nc6 3. d4 exd4 4. Nxd4 Nxd4 5. Qxd4 Nf6 6. Nc3 d6 7. Bg5 Be7 8. O-O-O O-O 9. e5 Ng4 10. Bxe7 Qxe7
11. exd6 cxd6 12. h3 Nf6 13. Qxd6 Qxd6 14. Rxd6 Be6 15. Be2 Rac8 16. Bf3 b6 17. Rhd1 h6 18. Nd5 Nxd5 19. Bxd5 Bxd5 20. R6xd5 Rfe8
21. c3 Re2 22. R1d2 Rxd2 23. Kxd2 Rc7 24. Kd3 f6 25. c4 Kf7 26. b4 Ke6 27. Kd4 g6 28. a4 a6 29. a5 bxa5 30. Rxa5 Rd7+
31. Rd5 Rb7 32. Ra5 Rd7+ 33. Ke4 Rd6 34. c5 f5+ 35. Ke3 Rc6 36. Kd4 g5 37. b5 axb5 38. Rxb5 h5 39. Rb6 Kd7 40. Rxc6 Kxc6
41. Ke5 Kxc5 42. Kxf5
1-0

[Event "November Blitz"]
[Site "SchemingMind.com"]
[Date "2014.10.31"]
[Round "-"]
[White "Geoffrey Rosser"]
[Black "David Perna-Fraser"]
[Result "0-1"]
[WhiteCountry "ENG"]
[BlackCountry "CAN"]
[WhiteElo "1826"]
[WhiteRD "69"]
[BlackElo "2215"]
[BlackRD "55"]
[GameID "368051"]

1. d4 f5 2. e3 Nf6 3. Nf3 e6 4. Be2 Be7 5. O-O O-O 6. c4 b6 7. Nc3 Bb7 8. d5 Ne4 9. Nb5 c6 10. d6 cxb5
11. dxe7 Qxe7 12. cxb5 d6 13. Nd2 Nd7 14. Nxe4 fxe4 15. b4 Ne5 16. Bb2 Nf3+ 17. Kh1 Nh4 18. Bg4 Rac8 19. Rc1 Rxc1 20. Bxc1 Rc8
21. a4 Ng6 22. Bb2 Bd5 23. Qd2 Qg5 24. Bh3 Ne5 25. Bxe6+ Bxe6 26. Qxd6 Bc4 27. Rc1 Nf7 28. Qd4 Qf6 29. Rxc4 Rd8 30. h3 Rxd4
31. Bxd4 Qd8 32. Rc6 Nd6 33. Be5 Nf5 34. Rc7 Qh4 35. Rxa7 Qxf2 36. a5 Qxe3 37. Rb7 Qe1+ 38. Kh2 bxa5 39. bxa5 Qxa5 40. b6 Qxe5+
41. Kg1 e3 42. Ra7 e2
0-1

[Event "November Blitz"]
[Site "SchemingMind.com"]
[Date "2014.11.01"]
[Round "-"]
[White "David Perna-Fraser"]
[Black "Geoffrey Rosser"]
[Result "1-0"]
[WhiteCountry "CAN"]
[BlackCountry "ENG"]
[WhiteElo "2215"]
[WhiteRD "55"]
[BlackElo "1826"]
[BlackRD "69"]
[GameID "368052"]

1. e4 e5 2. Nf3 Nc6 3. Bc4 Nf6 4. Ng5 d5 5. exd5 Na5 6. Bb5+ c6 7. dxc6 bxc6 8. Qf3 Be7 9. Bxc6+ Nxc6 10. Qxc6+ Bd7
11. Qf3 Rc8 12. Nc3 Bc6 13. Qh3 h6 14. Nf3 Bd7 15. Qg3 e4 16. Ne5 Bd6 17. Nxf7 Bxg3 18. Nxd8 Bxf2+ 19. Kxf2 Ng4+ 20. Kg3 Kxd8
21. h3 Nf6 22. Re1 Rf8 23. b3 Rc6 24. Ba3 Re8 25. Re3 Re5 26. Rae1 Bf5 27. d4 Ra5 28. Bb4 Raa6 29. d5 Rxc3 30. Bxc3 Nxd5
31. Rd1 Rd6 32. Be5 Rd7 33. Re2 g5 34. c4 Nb6 35. Rxd7+ Kxd7 36. Bg7 h5 37. h4 a5 38. hxg5 a4 39. Kf4 Bg6 40. Bd4 Nc8
41. Bc5 axb3 42. axb3 Kc6 43. b4 Nd6 44. Bxd6 Kxd6 45. Rxe4
1-0

[Event "November Blitz"]
[Site "SchemingMind.com"]
[Date "2014.11.02"]
[Round "-"]
[White "Geoffrey Rosser"]
[Black "Ramesh Panwar"]
[Result "0-1"]
[WhiteCountry "ENG"]
[BlackCountry "IND"]
[WhiteElo "1833"]
[WhiteRD "69"]
[BlackElo "2207"]
[BlackRD "52"]
[GameID "368058"]

1. e4 c5 2. d4 cxd4 3. Qxd4 Nc6 4. Qe3 Nf6 5. Be2 d5 6. exd5 Nxd5 7. Qg3 e5 8. Nf3 e4 9. Ne5 Nd4 10. Bd1 Qc7
11. Ng4 Qxg3 12. hxg3 Bxg4 13. Bxg4 Nxc2+ 14. Ke2 Nxa1 15. Rh5 Nf6 16. Re5+ Be7 17. Bf5 Nc2 18. Kd1 Nd4 19. Bh3 Nc6 20. Rb5 Rd8+
21. Ke1 b6 22. Nc3 h6
0-1

[Event "November Blitz"]
[Site "SchemingMind.com"]
[Date "2014.11.02"]
[Round "-"]
[White "Ramesh Panwar"]
[Black "Geoffrey Rosser"]
[Result "1-0"]
[WhiteCountry "IND"]
[BlackCountry "ENG"]
[WhiteElo "2207"]
[WhiteRD "52"]
[BlackElo "1833"]
[BlackRD "69"]
[GameID "368059"]

1. e4 e5 2. Nf3 Nc6 3. Bb5 d6 4. d4 exd4 5. Nxd4 Bd7 6. O-O Nxd4 7. Bxd7+ Qxd7 8. Qxd4 Nf6 9. Nc3 Be7 10. Rd1 O-O
11. e5 Ne8 12. Bf4 a6 13. Rd3 f6 14. Qd5+ Kh8 15. Qxb7 Qc8 16. Qxc8 Rxc8 17. Nd5 Bd8 18. e6 Rb8 19. Rb3 Rb5 20. Rxb5 axb5
21. Re1 g5 22. Bd2 Kg7 23. e7 Bxe7 24. Rxe7+
1-0

[Event "November Blitz"]
[Site "SchemingMind.com"]
[Date "2014.10.31"]
[Round "-"]
[White "Stephen Woodhouse"]
[Black "Ramesh Panwar"]
[Result "0-1"]
[WhiteCountry "ENG"]
[BlackCountry "IND"]
[WhiteElo "1835"]
[WhiteRD "49"]
[BlackElo "2207"]
[BlackRD "52"]
[GameID "368060"]

1. e4 c5 2. c3 d5 3. exd5 Qxd5 4. d4 Nf6 5. Nf3 Nc6 6. Be3 Bg4 7. Be2 Rd8 8. O-O e6 9. dxc5 Bxc5 10. Qxd5 Rxd5
11. Bxc5 Rxc5 12. Nbd2 Ke7 13. Rad1 Rd8 14. Nb3 Rcd5 15. h3 Bxf3 16. Bxf3 Rxd1 17. Rxd1 Ne5 18. Rxd8 Nxf3+ 19. gxf3 Kxd8 20. Nc5 Kc7
21. Ne4 Nd5 22. Ng5 Nf4 23. Nxf7 Nxh3+ 24. Kg2 Nf4+ 25. Kg3 Nd3 26. b4 h6 27. f4 Nc1 28. a3 Ne2+ 29. Kg4 Nxc3 30. f5 exf5+
31. Kxf5 Nb5 32. a4 Nd6+ 33. Kg6 Nxf7 34. Kxf7 h5
0-1

[Event "November Blitz"]
[Site "SchemingMind.com"]
[Date "2014.10.31"]
[Round "-"]
[White "Ramesh Panwar"]
[Black "Stephen Woodhouse"]
[Result "1-0"]
[WhiteCountry "IND"]
[BlackCountry "ENG"]
[WhiteElo "2207"]
[WhiteRD "52"]
[BlackElo "1835"]
[BlackRD "49"]
[GameID "368061"]

1. c4 e6 2. Nc3 f5 3. e3 Nf6 4. Nf3 b6 5. d4 Bb7 6. Bd3 Be7 7. O-O O-O 8. b3 Ne4 9. Bb2 Bf6 10. b4 Nxc3
11. Bxc3 d6 12. a4 Nd7 13. a5 g6 14. a6 Bxf3 15. Qxf3 e5 16. Qc6 Re8 17. Bc2 Nf8 18. Ba4 Re7 19. dxe5 Bxe5 20. Bxe5 Rxe5
21. Qb7 Qb8 22. Bc6 Qxb7 23. axb7 Rb8 24. Rxa7
1-0

[Event "November Blitz"]
[Site "SchemingMind.com"]
[Date "2014.10.31"]
[Round "-"]
[White "David Perna-Fraser"]
[Black "Ramesh Panwar"]
[Result "1/2-1/2"]
[WhiteCountry "CAN"]
[BlackCountry "IND"]
[WhiteElo "2203"]
[WhiteRD "58"]
[BlackElo "2207"]
[BlackRD "52"]
[GameID "368062"]

1. e4 e5 2. Nf3 Nf6 3. Nxe5 d6 4. Nf3 Nxe4 5. d4 d5 6. Bd3 Nc6 7. O-O Be7 8. c4 Nb4 9. cxd5 Nxd3 10. Qxd3 Qxd5
11. Re1 Bf5 12. Nc3 Nxc3 13. Qxc3 Be6 14. Re5 Qc6 15. Qa5 Rd8 16. Bf4 b6 17. Qe1 O-O 18. Rc1 Qe8 19. Bg5 Bxg5 20. Nxg5 Rxd4
21. Nxe6 fxe6 22. Rxe6 Qd8 23. Re7 c5 24. Qe6+ Kh8 25. Re1 Rd1 26. Qe5 Rxe1+ 27. Qxe1 h6=
1/2-1/2

[Event "November Blitz"]
[Site "SchemingMind.com"]
[Date "2014.10.31"]
[Round "-"]
[White "Ramesh Panwar"]
[Black "David Perna-Fraser"]
[Result "0-1"]
[WhiteCountry "IND"]
[BlackCountry "CAN"]
[WhiteElo "2207"]
[WhiteRD "52"]
[BlackElo "2203"]
[BlackRD "58"]
[GameID "368063"]

1. d4 Nf6 2. Nf3 g6 3. c4 c5 4. d5 d6 5. Nc3 Bg7 6. e4 O-O 7. Be2 e6 8. O-O exd5 9. cxd5 Re8 10. Nd2 Nbd7
11. a4 Ne5 12. h3 g5 13. Nf3 Nxf3+ 14. Bxf3 h6 15. Re1 Nd7 16. Be3 Ne5 17. Be2 f5 18. a5 f4 19. Bd2 Rf8 20. f3 c4
21. Qa4 b5 22. Qa3 a6 23. Nd1 h5 24. Nf2 g4 25. hxg4 hxg4 26. fxg4 Qh4 27. Qh3 Qxh3 28. gxh3 f3 29. Bd1 Bd7 30. Ra3 Ng6
31. Bc3 Bxc3 32. Rxc3 Ne5 33. b4 cxb3 34. Bxb3 b4 35. Rc7 Rac8 36. Rb7 Bb5 37. Rb1 Rc3 38. Rb6 Re3 39. Rxd6 Nd3 40. Rg6+ Kh7
41. Rg5 Re2 42. Rf1 Nf4 43. h4 Rxf2 44. Kxf2 Nh3+ 45. Ke1 Nxg5 46. hxg5 Bxf1 47. Kxf1 Kg6 48. e5 Kxg5 49. e6 Kf4 50. Bc4 Kg3
51. Bd3 b3 52. e7 Rc8 53. Bc2 bxc2
0-1

[Event "November Blitz"]
[Site "SchemingMind.com"]
[Date "2014.11.02"]
[Round "-"]
[White "renegade"]
[Black "Geoffrey Rosser"]
[Result "0-1"]
[WhiteCountry "ENG"]
[BlackCountry "ENG"]
[WhiteElo "1799"]
[WhiteRD "86"]
[BlackElo "1826"]
[BlackRD "69"]
[GameID "368084"]

1. b3 e5 2. Bb2 Nc6 3. g3 Bc5 4. Bg2 d5 5. Nf3 Nf6 6. Nxe5 Nxe5 7. Bxe5 Bxf2+ 8. Kf1 Bb6 9. e3 O-O 10. Qf3 Ng4
11. Bb2 Re8 12. h3 Nxe3+ 13. dxe3 Rxe3 14. Qh5 Rxg3 15. Bxd5 Qe7 16. Nd2 Bxh3+ 17. Qxh3 Rxh3 18. Rxh3 Qc5 19. Bxf7+ Kxf7 20. Rf3+ Kg8
21. c4 Qg1+ 22. Ke2 Re8+ 23. Kd3 Re3+ 24. Kc2 Qg6+ 25. Kd1 Qg4 26. Kc2 Rxf3 27. Nxf3 Qxf3 28. Rd1 h5 29. Rg1 Bxg1 30. a4 Qe2+
31. Kc3 Qe1+ 32. Kc2 Qe4+ 33. Kc3 Bd4+ 34. Kb4 Bxb2 35. Kb5 Ba3 36. a5 Qe7 37. c5 Qxc5+ 38. Ka4 Qb4#
0-1

[Event "November Blitz"]
[Site "SchemingMind.com"]
[Date "2014.11.02"]
[Round "-"]
[White "Geoffrey Rosser"]
[Black "renegade"]
[Result "1-0"]
[WhiteCountry "ENG"]
[BlackCountry "ENG"]
[WhiteElo "1826"]
[WhiteRD "69"]
[BlackElo "1799"]
[BlackRD "86"]
[GameID "368085"]

1. e4 e5 2. d4 exd4 3. Qxd4 Nf6 4. Nc3 Nc6 5. Qa4 Bb4 6. Bd2 Qe7 7. O-O-O Nxe4 8. Re1 b5 9. Qxb5 Bxc3 10. Bxc3 O-O
11. Qd3 Re8 12. Qc4 Qg5+ 13. Kb1 Nxc3+ 14. Qxc3 Bb7 15. Nf3 Qf4 16. Bc4 Kf8 17. h4 Re4 18. Rxe4 Qxe4 19. Bxf7 h6 20. Bb3 Ba6
21. Qc5+ d6 22. Qh5 Qf4 23. Qd5 Bb7 24. Qg8+ Ke7 25. Re1+ Ne5 26. Qxg7+ Kd8 27. Nxe5 dxe5 28. Rd1+ Qd4 29. Qf6+ Kd7 30. Qe6+ Kd8
31. Rxd4+ exd4 32. Qf6+ Kd7 33. Qxd4+ Ke7 34. Qe5+ Kd7 35. Qe6+ Kd8 36. Qf6+ Kd7 37. Qxh6 Re8 38. Ba4+ c6 39. Qd2+ Kc7 40. h5 Re4
41. Qa5+ Kd6 42. b4 a6 43. Qd8+ Ke6 44. Bb3+ Kf5 45. Qd7+ Kg5 46. Qxb7 Re2 47. Qxc6 Kxh5 48. Qf3+ Kg5 49. Qxe2 Kf4 50. Be6 Kg5
51. Qe5+ Kg6 52. Qf5+ Kg7 53. Qf7+ Kh6 54. Qg8 Kh5 55. Bf5 a5 56. Qg6+ Kh4 57. Qg4#
1-0

[Event "November Blitz"]
[Site "SchemingMind.com"]
[Date "2014.11.01"]
[Round "-"]
[White "renegade"]
[Black "Stephen Woodhouse"]
[Result "1-0"]
[WhiteCountry "ENG"]
[BlackCountry "ENG"]
[WhiteElo "1869"]
[WhiteRD "90"]
[BlackElo "1835"]
[BlackRD "49"]
[GameID "368086"]

1. g3 f5 2. c4 Nf6 3. d3 e6 4. Bg2 d5 5. cxd5 exd5 6. Nh3 Bd6 7. Nf4 O-O 8. Nxd5 Nxd5 9. Bxd5+ Kh8 10. Nc3 c6
11. Bg2 Nd7 12. O-O f4 13. Ne4 Bc7 14. Qc2 fxg3 15. hxg3 Nf6 16. Bg5 Be5 17. Rad1 h6 18. d4 Bd6 19. Nxf6 hxg5 20. Qh7#
1-0

[Event "November Blitz"]
[Site "SchemingMind.com"]
[Date "2014.11.01"]
[Round "-"]
[White "Stephen Woodhouse"]
[Black "renegade"]
[Result "1-0"]
[WhiteCountry "ENG"]
[BlackCountry "ENG"]
[WhiteElo "1856"]
[WhiteRD "50"]
[BlackElo "1799"]
[BlackRD "86"]
[GameID "368087"]

1. e4 b6 2. d4 Bb7 3. Nc3 e6 4. f4 Bb4 5. Bd3 Nf6 6. Qe2 O-O 7. Nf3 d5 8. e5 Ne4 9. Bd2 Nxd2 10. Qxd2 c5
11. a3 Ba5 12. O-O cxd4 13. Nxd4 Bxc3 14. Qxc3 Na6 15. Bxa6 Bxa6 16. Rf3 Rc8 17. Qd2 Rc5 18. c3 Qc7 19. Re1 Bc8 20. Rh3 f6
21. exf6 Rxf6 22. Re5 Qf7 23. Rf3 Ba6 24. g3 Bb7 25. Rfe3 h6 26. Nxe6 Rc8 27. Nd4 Qg6 28. Qd3 Qg4 29. Re8+ Rxe8 30. Rxe8+ Kf7
31. Qe2 Rxf4 32. Re7+ Kg6 33. Qxg4+ Rxg4 34. Rxb7 Re4 35. Rxa7 Re1+ 36. Kf2 Rb1 37. b4 Rc1 38. Ne2 Ra1 39. Nf4+ Kf5 40. Nxd5 b5
41. Rxg7 Rxa3 42. Rb7 Ra2+ 43. Kf3 Rxh2 44. Rxb5 Ke6 45. Nf4+ Kd6 46. Rh5 Rc2 47. Rxh6+ Kd7 48. Ne2 Rb2 49. Rf6 Ke7 50. Rf4 Ra2
51. g4 Ra8 52. g5 Rg8 53. Rg4 Ke6 54. g6 Kf6 55. Nf4 Kg7 56. Nh5+ Kh6 57. Nf6 Rc8 58. c4 Ra8 59. g7 Ra3+ 60. Kf4 Rf3+
61. Ke5 Rf5+ 62. Kd4 Rf1 63. g8=N#
1-0

[Event "November Blitz"]
[Site "SchemingMind.com"]
[Date "2014.11.03"]
[Round "-"]
[White "renegade"]
[Black "David Perna-Fraser"]
[Result "0-1"]
[WhiteCountry "ENG"]
[BlackCountry "CAN"]
[WhiteElo "1869"]
[WhiteRD "90"]
[BlackElo "2203"]
[BlackRD "58"]
[GameID "368088"]

1. c4 e5 2. Nc3 Nf6 3. Nf3 Nc6 4. e3 Bb4 5. Nd5 e4 6. Nxb4 Nxb4 7. Nd4 c5 8. Nf5 d5 9. Nxg7+ Kf8 10. Nh5 Bg4
11. Be2 Bxe2 12. Qxe2 Nxh5 13. Qxh5 Nc2+ 14. Kd1 Nxa1 15. cxd5 Qf6 16. f4 Rg8 17. g3 Qa6 18. Qxh7 Qa4+ 19. Ke2 Qc4+ 20. Kf2 Qxd5
21. b3 Nc2 22. Rd1 Nxe3 23. Kxe3 Qd3+ 24. Kf2 e3+ 25. dxe3 Qxh7 26. h4 Qc2+ 27. Ke1 Rxg3 28. Bd2 Re8 29. Rc1 Rexe3+ 30. Bxe3 Rxe3+
31. Kf1 Qe2+ 32. Kg1 Rg3+ 33. Kh1 Qg2#
0-1

[Event "November Blitz"]
[Site "SchemingMind.com"]
[Date "2014.11.03"]
[Round "-"]
[White "David Perna-Fraser"]
[Black "renegade"]
[Result "1-0"]
[WhiteCountry "CAN"]
[BlackCountry "ENG"]
[WhiteElo "2215"]
[WhiteRD "55"]
[BlackElo "1799"]
[BlackRD "86"]
[GameID "368089"]

1. e4 Nc6 2. d4 d5 3. e5 Bf5 4. Nf3 e6 5. Be2 Bb4+ 6. c3 Ba5 7. O-O Nge7 8. Nbd2 a6 9. Re1 h6 10. Nf1 O-O
11. Ng3 b5 12. Nxf5 Nxf5 13. b4 Bb6 14. a4 Qe7 15. axb5 axb5 16. Bxb5 Rxa1 17. Bxc6 f6 18. exf6 Qxf6 19. Bd7 Kh8 20. Rxe6 Qf7
21. Ne5 Qh5 22. g4 Qg5 23. Re8 Rxc1 24. Ng6+ Kg8 25. Be6+ Kh7 26. Nxf8+ Kh8 27. Ng6+ Kh7 28. Bg8+ Kxg6 29. Re6+ Qf6 30. Rxf6+ Kxf6
31. Qxc1 Nd6 32. Bxd5 g5 33. Qe3 h5 34. Qe5+ Kg6 35. Be4+ Nxe4 36. Qxe4+ Kh6 37. Qe6+ Kg7 38. gxh5 c6 39. Qxc6 Bd8 40. Qg6+ Kf8
41. h6 Ke7 42. h7 Kd7 43. h8=Q Kc7 44. Qhh7+ Kc8 45. Qa6+ Kb8 46. Qhb7#
1-0

[Event "November Blitz"]
[Site "SchemingMind.com"]
[Date "2014.11.02"]
[Round "-"]
[White "renegade"]
[Black "Ramesh Panwar"]
[Result "0-1"]
[WhiteCountry "ENG"]
[BlackCountry "IND"]
[WhiteElo "1869"]
[WhiteRD "90"]
[BlackElo "2207"]
[BlackRD "52"]
[GameID "368090"]

1. d4 Nf6 2. c4 e6 3. e3 d5 4. Nf3 Be7 5. Nc3 O-O 6. Bd3 dxc4 7. Bxc4 c5 8. O-O Qc7 9. b3 a6 10. a4 Nc6
11. Ba3 Rd8 12. d5 Qa5 13. Bb2 exd5 14. Bd3 c4 15. Bc2 Bg4 16. h3 d4 17. exd4 Rxd4 18. Qe2 Bxf3 19. Qxf3 Rd2 20. Rac1 cxb3
21. Bxb3 Rxb2 22. Ne4 Nxe4 23. Bxf7+ Kf8 24. Bd5+ Nf6 25. Qf5 Qxd5 26. Qf4 Nd4 27. Qe3 Ne2+ 28. Kh2 Bd6+ 29. g3 Nxg3 30. Qxg3 Bxg3+
31. Kxg3 Nh5+ 32. Kh2 Nf4 33. Kg3 Rb3+ 34. Kxf4 Rf3+ 35. Kg4 Qe4+ 36. Kg5 Rf5#
0-1

[Event "November Blitz"]
[Site "SchemingMind.com"]
[Date "2014.11.01"]
[Round "-"]
[White "Ramesh Panwar"]
[Black "renegade"]
[Result "1-0"]
[WhiteCountry "IND"]
[BlackCountry "ENG"]
[WhiteElo "2207"]
[WhiteRD "52"]
[BlackElo "1869"]
[BlackRD "90"]
[GameID "368091"]

1. g3 d5 2. Nf3 Bg4 3. Ne5 Bh5 4. d4 e6 5. Bg2 Bd6 6. c4 c6 7. O-O Bxe5 8. dxe5 dxc4 9. Nd2 Qd4 10. Ne4 Qxe5
11. Bf4 Qxb2 12. Nd6+ Kf8 13. Nxc4 Qf6 14. Bxb8 Bxe2 15. Bd6+ Ke8 16. Qxe2 Rd8 17. Rab1 Rd7 18. Rxb7 Ne7 19. Rb8+ Rd8 20. Rfb1 Qd4
21. Rxd8+ Kxd8 22. Rb8+ Nc8 23. Qf3 Qxc4 24. Qxf7 Re8 25. Bc7#
1-0

[Event "November Blitz"]
[Site "SchemingMind.com"]
[Date "2014.11.01"]
[Round "-"]
[White "renegade"]
[Black "John Hamer"]
[Result "0-1"]
[WhiteCountry "ENG"]
[BlackCountry "ENG"]
[WhiteElo "1869"]
[WhiteRD "90"]
[BlackElo "2039"]
[BlackRD "55"]
[GameID "368106"]

1. Nf3 Nf6 2. c4 g6 3. d4 Bg7 4. Nc3 O-O 5. Bf4 d6 6. e3 Nbd7 7. Bd3 Re8 8. O-O e5 9. dxe5 dxe5 10. Bg5 h6
11. Bxf6 Nxf6 12. e4 c6 13. Bc2 Qb6 14. b3 Rd8 15. Qe2 Nh5 16. g3 Qa5 17. Qe3 Be6 18. Na4 Nf6 19. Rad1 Bf8 20. Kg2 b5
21. Nxe5 Qc7 22. Nxc6 Qxc6 23. Nc3 bxc4 24. b4 Bxb4 25. Ba4 Qa6 26. Bb5 Qb7 27. f3 Kg7 28. Ba4 Qa6 29. e5 Nd5 30. Nxd5 Qxa4
31. Nc3 Qc2+ 32. Kg1 Bxc3 33. Rc1 Qxa2 34. Rxc3 Bh3 35. Ra3 Qg2#
0-1

[Event "November Blitz"]
[Site "SchemingMind.com"]
[Date "2014.11.01"]
[Round "-"]
[White "John Hamer"]
[Black "renegade"]
[Result "1-0"]
[WhiteCountry "ENG"]
[BlackCountry "ENG"]
[WhiteElo "2039"]
[WhiteRD "55"]
[BlackElo "1869"]
[BlackRD "90"]
[GameID "368107"]

1. d4 d5 2. c4 c6 3. Nf3 Bf5 4. Nc3 Nf6 5. cxd5 cxd5 6. e3 e6 7. Ne5 a6 8. g4 Be4 9. f3 Bg6 10. h4 h6
11. Nxg6 fxg6 12. Bd3 Kf7 13. Qc2 Bb4 14. Bxg6+ Ke7 15. O-O Nc6 16. Bd2 Qd6 17. Be1 Rac8 18. h5 e5 19. Bg3 Rhf8 20. Qf5 Ne4
21. dxe5 Qc5 22. Nxd5+ Qxd5 23. fxe4 Rxf5 24. exd5 Rxe5 25. Rf7+ Kd6 26. dxc6 Rxc6 27. Rf5 Rc5 28. a3 Ba5 29. Rd1+ Ke6 30. Bf7+ Ke7
31. Bxe5 Bc7 32. Bxg7 Rxf5 33. gxf5 Kxf7 34. Rd7+ Kg8 35. Rxc7 b5 36. Bxh6 a5 37. f6 b4 38. f7+ Kh7 39. f8=Q#
1-0

[Event "November Blitz"]
[Site "SchemingMind.com"]
[Date "2014.11.02"]
[Round "-"]
[White "Geoffrey Rosser"]
[Black "John Hamer"]
[Result "0-1"]
[WhiteCountry "ENG"]
[BlackCountry "ENG"]
[WhiteElo "1833"]
[WhiteRD "69"]
[BlackElo "2039"]
[BlackRD "55"]
[GameID "368108"]

1. Nc3 e5 2. Nf3 Nc6 3. d4 exd4 4. Nxd4 Bc5 5. e3 Nf6 6. Bc4 O-O 7. Nxc6 bxc6 8. O-O d5 9. Bd3 Be6 10. e4 Rb8
11. e5 Ng4 12. h3 Nxe5 13. Bxh7+ Kxh7 14. Qh5+ Kg8 15. Qxe5 Re8 16. Qg3 Bd6 17. Bf4 Rxb2 18. Rac1 d4 19. Bxd6 cxd6 20. Ne4 Bd5
21. Nxd6 Re6 22. Nf5 Rg6 23. Qe5 Rxg2+ 24. Kh1 Rxf2+ 25. Kg1 Rg2+ 26. Kh1 Rgxc2+ 27. Kg1 Rg2+
0-1

[Event "November Blitz"]
[Site "SchemingMind.com"]
[Date "2014.11.02"]
[Round "-"]
[White "John Hamer"]
[Black "Geoffrey Rosser"]
[Result "1-0"]
[WhiteCountry "ENG"]
[BlackCountry "ENG"]
[WhiteElo "2039"]
[WhiteRD "55"]
[BlackElo "1833"]
[BlackRD "69"]
[GameID "368109"]

1. e4 e5 2. d4 exd4 3. Nf3 d5 4. Qxd4 Nf6 5. Nc3 Nc6 6. Bb5 Bd7 7. Bxc6 Bxc6 8. e5 Ne4 9. O-O Bc5 10. Qd3 O-O
11. Bf4 a6 12. Rad1 Nxc3 13. Qxc3 Be7 14. Rfe1 Be8 15. Qb3 Bc6 16. Nd4 Qc8 17. e6 fxe6 18. Nxe6 Rf6 19. Nxc7 Qd7 20. Nxa8 Rxf4
21. Nb6 Qc7 22. Nxd5 Bxd5 23. Rxd5 Kf8 24. g3 Rf6 25. Qd3 Bc5 26. Rd8+ Kf7 27. Rd7+
1-0

[Event "November Blitz"]
[Site "SchemingMind.com"]
[Date "2014.11.01"]
[Round "-"]
[White "John Hamer"]
[Black "Stephen Woodhouse"]
[Result "1-0"]
[WhiteCountry "ENG"]
[BlackCountry "ENG"]
[WhiteElo "2039"]
[WhiteRD "55"]
[BlackElo "1835"]
[BlackRD "49"]
[GameID "368110"]

1. b4 e5 2. Bb2 Bxb4 3. Bxe5 Nf6 4. Nf3 O-O 5. e3 d5 6. Be2 c5 7. O-O Nc6 8. Bb2 Bf5 9. d3 Re8 10. Nbd2 Ba5
11. c4 d4 12. exd4 Nxd4 13. Nxd4 cxd4 14. Nb3 Bb6 15. Bf3 Qd7 16. c5 Bc7 17. Nxd4 Bg6 18. g3 Rab8 19. Rc1 Be5 20. c6 Qd8
21. Ne6 Rxe6 22. Bxe5 Rxe5 23. c7 Qe8 24. cxb8=R Qxb8 25. d4 Re6 26. d5 Rd6 27. Qd4 h6 28. Rfe1 b6 29. Re7 Rd7 30. Rxd7 Nxd7
31. d6 Nc5 32. Re1 Ne6 33. Qd5 Qd8 34. d7 Kh7 35. Bg4 Nc5 36. Re8
1-0

[Event "November Blitz"]
[Site "SchemingMind.com"]
[Date "2014.11.01"]
[Round "-"]
[White "Stephen Woodhouse"]
[Black "John Hamer"]
[Result "1/2-1/2"]
[WhiteCountry "ENG"]
[BlackCountry "ENG"]
[WhiteElo "1835"]
[WhiteRD "49"]
[BlackElo "2039"]
[BlackRD "55"]
[GameID "368111"]

1. e4 e6 2. d4 d5 3. Nd2 c5 4. exd5 exd5 5. Bb5+ Nc6 6. Qe2+ Be7 7. dxc5 Nf6 8. Nb3 O-O 9. Be3 Re8 10. O-O-O a6
11. Ba4 Ng4 12. Nf3 Bf6 13. Qd2 Nxe3 14. fxe3 Re4 15. Bxc6 bxc6 16. Nbd4 Bd7 17. Rhe1 Qe7 18. Qc3 Rb8 19. Qa3 Qe8 20. Rd3 Rg4
21. g3 Re4 22. Qc3 Bf5 23. Qd2 Bg4 24. Rb3 Bxf3 25. Nxf3 Rb5 26. Rxb5 axb5 27. c3 Qf8 28. b4=
1/2-1/2

[Event "November Blitz"]
[Site "SchemingMind.com"]
[Date "2014.11.01"]
[Round "-"]
[White "John Hamer"]
[Black "David Perna-Fraser"]
[Result "0-1"]
[WhiteCountry "ENG"]
[BlackCountry "CAN"]
[WhiteElo "2039"]
[WhiteRD "55"]
[BlackElo "2203"]
[BlackRD "58"]
[GameID "368112"]

1. e4 e5 2. Nf3 Nf6 3. Nxe5 d6 4. Nc4 Nxe4 5. Nc3 Nxc3 6. bxc3 Be7 7. d4 O-O 8. Bd3 Nd7 9. O-O d5 10. Ne3 Nf6
11. c4 c5 12. Bb2 cxd4 13. Bxd4 dxc4 14. Bxc4 Qc7 15. Qe2 Re8 16. Rfd1 Bd7 17. Rab1 Bc6 18. Ng4 Nxg4 19. Qxg4 Bf8 20. Bd3 g6
21. c4 Rad8 22. Bf6 Rd6 23. Bc3 h5 24. Qg3 Qd8 25. c5 Rd5 26. Bc2 h4 27. Qh3 Rxd1+ 28. Rxd1 Qg5 29. Bd4 Bxc5 30. Bxc5 Qxc5
31. Bb3 Qd4 32. Rf1 Re5 33. Qc8+ Kg7 34. Qc7 Qf4 35. h3 Rg5 36. Qxf4 Rxg2+ 37. Kh1 Rg4+ 38. f3 Rxf4
0-1